=LDR 00000nam 2200000 4500 =001 INLIS000000000001885 =005 20130612090251 =008 ***********************************Ind** =035 ##$$0010-061300000001885 =041 ##$$a Ind =082 ##$$a 613.07 =090 ##$$a 613.07, Rat o =100 ##$$a Rahman =245 ##$$a Olahraga dan kesehatan, Rahman,Aryo Sutrisno =260 ##$$a 1978 $b Jakarta =300 ##$$a 64 hlm, ilus, 20 cm =650 ##$$a Kesehatan =700 ##$$a Sutrisno,Aryo =850 ##$$a NBPNMAT